000 00524nam a2200181Ia 4500
005 20250326123634.0
008 250326s9999 xx 000 0 und d
037 _aTextbook
040 _aFMSL
_beng
_cFMSL
041 _aeng
_2eng
084 _aD658(B) K6
_qFMSL
100 _aLeeds H D
_9735671
245 0 _aComputer programming fundamentals
_cLeeds H D; Weinberg G M
260 _aNew Delhi
_bNew Delhi, Tata McGraw-Hill
_c1966
300 _a459p
942 _cTB
_hD658(B) K6
999 _c1270266
_d1270266